LEADER 02388nam 2200601 a 450 001 9910456469703321 005 20200520144314.0 010 $a1-283-16413-2 010 $a9786613164131 010 $a0-12-385082-7 035 $a(CKB)2550000000039465 035 $a(EBL)739037 035 $a(OCoLC)743693932 035 $a(SSID)ssj0000507835 035 $a(PQKBManifestationID)12142693 035 $a(PQKBTitleCode)TC0000507835 035 $a(PQKBWorkID)10550985 035 $a(PQKB)10773358 035 $a(MiAaPQ)EBC739037 035 $a(CaSebORM)9780123850812 035 $a(PPN)15827797X 035 $a(Au-PeEL)EBL739037 035 $a(CaPaEBR)ebr10483436 035 $a(CaONFJC)MIL316413 035 $a(EXLCZ)992550000000039465 100 $a20110406d2012 uy 0 101 0 $aeng 135 $aur|n|---||||| 181 $ctxt 182 $cc 183 $acr 200 10$aMATLAB$b[electronic resource] $ea practical introduction to programming and problem solving /$fStormy Attaway 205 $a2nd ed. 210 $aWaltham, Mass. $cButterworth-Heinemann$dc2012 215 $a1 online resource (539 p.) 300 $aIncludes index. 311 $a0-12-385081-9 327 $apt. 1. Introduction to programming using MATLAB -- pt. 2. Advanced topics for problem solving with MATLAB. 330 $aAssuming no knowledge of programming, this book presents both programming concepts and MATLAB's built-in functions, providing a perfect platform for exploiting MATLAB's extensive capabilities for tackling engineering problems. It starts with programming concepts such as variables, assignments, input/output, and selection statements, moves onto loops and then solves problems using both the 'programming concept' and the 'power of MATLAB' side-by-side. In-depth coverage is given to input/output, a topic that is fundamental to many engineering applications. Ancillaries available with th 606 $aNumerical analysis$xData processing 606 $aComputer programming 608 $aElectronic books. 615 0$aNumerical analysis$xData processing. 615 0$aComputer programming. 676 $a518.028553 700 $aAttaway$b Stormy$0505829 801 0$bMiAaPQ 801 1$bMiAaPQ 801 2$bMiAaPQ 906 $aBOOK 912 $a9910456469703321 996 $aMATLAB$9803618 997 $aUNINA